000 00821nam a2200265Ia 4500
003 OSt
005 20221005072643.0
006 a|||||r|||| 00| 0
007 ta
008 221004b |||||||| |||| 00| 0 urd d
020 _a9789389358919
_cINR 300.00
024 _a65853
037 _b2375, 19/02/2020, M.R.Publications
_cTextual
040 _aCRL
_cCRL
_burd
041 _2urd
_aurd
082 _aO168,1v, Q9
100 _aSankhanvi Riazat Ali Shaiq Au.
_9607369
245 0 _aDelhi mein urdu marsiye ka irteqa
260 _aNew Delhi
_bEducational publishing house India
_c2019
300 _a251p.
_ccm.
650 _a URDU POETRY
650 _aHISTORY
942 _hO168,1v, Q9
_cTEXL
_2cc
999 _c979822
_d979822